| Tag |
First Indicator |
Second Indicator |
Subfields |
| LEADER |
00000pam a2200000 a 4500 |
| 001 |
in00001408055 |
| 005 |
20151020070157.0 |
| 008 |
940831s1996 nyuab j 000 0 eng |
| 010 |
|
|
|a 94036060
|
| 020 |
|
|
|a 0590202375
|
| 035 |
|
|
|a (OCoLC)31206728
|
| 035 |
|
|
|9 AHP8436AM
|
| 040 |
|
|
|a DLC
|c DLC
|d UtOrBLW
|
| 043 |
|
|
|a n-us-ma
|
| 049 |
|
|
|a TXAG
|
| 050 |
0 |
0 |
|a E99.W2
|b W38 1996
|
| 082 |
0 |
0 |
|a 974.4/8200973
|2 20
|
| 100 |
1 |
|
|a Waters, Kate.
|
| 245 |
1 |
0 |
|a Tapenum's day :
|b a Wampanoag Indian boy in pilgrim times /
|c by Kate Waters ; photographs by Russ Kendall.
|
| 264 |
|
1 |
|a New York :
|b Scholastic,
|c [1996]
|
| 264 |
|
4 |
|c ©1996
|
| 300 |
|
|
|a 39 pages :
|b color illustrations, map ;
|c 27 cm.
|
| 336 |
|
|
|a text
|b txt
|2 rdacontent
|
| 337 |
|
|
|a unmediated
|b n
|2 rdamedia
|
| 338 |
|
|
|a volume
|b nc
|2 rdacarrier
|
| 650 |
|
0 |
|a Wampanoag Indians
|x Juvenile literature.
|
| 651 |
|
0 |
|a Massachusetts
|x History
|y New Plymouth, 1620-1691
|v Juvenile literature.
|
| 651 |
|
0 |
|a Massachusetts
|x Social life and customs
|y To 1775
|z Juvenile literature.
|
| 650 |
|
0 |
|a Pilgrims (New Plymouth Colony)
|v Juvenile literature.
|
| 650 |
|
1 |
|a Wampanoag Indians.
|
| 650 |
|
1 |
|a Indians of North America.
|
| 650 |
|
1 |
|a Pilgrims (New Plymouth Colony)
|
| 651 |
|
1 |
|a Massachusetts
|x Social life and customs
|y To 1775.
|
| 700 |
1 |
|
|a Kendall, Russ,
|e illustrator.
|
| 999 |
|
|
|a MARS
|
| 999 |
f |
f |
|s c00f1f2c-7a0d-388b-83ad-9382b9dc3bf3
|i c3da3938-b1a7-3474-86b7-b657349a3d8a
|t 0
|
| 952 |
f |
f |
|p normal
|a Texas A&M University
|b College Station
|c Sterling C. Evans Library
|d Evans: Curriculum Collection (4th floor)
|t 0
|e E99.W2 W38 1996
|h Library of Congress classification
|i unmediated -- volume
|m A14822247285
|
| 998 |
f |
f |
|a E99.W2 W38 1996
|t 0
|l Evans: Curriculum Collection (4th floor)
|